| 000 | 00869cab a2200265 4500 | ||
|---|---|---|---|
| 001 | WB3408-07 | ||
| 008 | 090401t1998 xxu||||| |||| 00| 0 eng d | ||
| 035 | _a(Sirsi) u84484 | ||
| 041 | _aeng | ||
| 245 | _aGrid wins over £10m EMF claim | ||
| 260 | _c1998 | ||
| 350 | _a0 | ||
| 490 |
_aUtility Week _v20 February 1998, 5(1) |
||
| 520 | _aNational Grid has won a £10m Lands Tribunal case with a property developer over compensation for loss of land value caused by overhead power lines. | ||
| 650 | _aCOMPENSATION | ||
| 650 | _aELECTROMAGNETIC FIELDS | ||
| 650 | _aLAND VALUES | ||
| 650 | _aLANDS TRIBUNAL | ||
| 650 | _aNATIONAL GRID | ||
| 650 | _aOVERHEAD POWER LINES | ||
| 650 |
_aValuation _96273 |
||
| 690 | _aENVIRONMENTAL AND LAND CONSULTANCY-PLANNING AND DEVELOPMENT-COMPULSORY PURCHASE AND COMPENSATION | ||
| 942 | _n0 | ||
| 948 | _c25/02/1998 | ||
| 999 |
_c53087 _d53087 |
||